000 00832nam a2200265Ia 4500
003 OSt
005 20221007123134.0
006 a|||||r|||| 00| 0
007 ta
008 221006b |||||||| |||| 00| 0 eng d
020 _a9780367222673 (hbk)
024 _a201004
037 _b499, 17/01/2020, A.J. Books
_cTextual
040 _aPAPL
_cPAPL
_beng
041 _2eng
_aeng
082 _aB38, Q9 Carpa
100 _aKrantz Steven G
_9429766
245 0 _aComplex variables: A physical approach with applications
250 _a2
260 _aBoca
_bRaton CRC Press
_c2019
300 _axxv, 351p. ill.
_ccm.
500 _aAppendices 305p.; Glossary 307-331p.; References 341-343p.
942 _hB38, Q9 Carpa
_cTEXL
_2CC
999 _c1211429
_d1211429